International Trade Vocabulary: English to French - Statistiques

Statistiques générales
  • Ce quiz a été pris 54 fois
    38 depuis la dernière actualisation
  • Le résultat moyen est 4 sur 50
Statistiques - réponses
Hint Réponse % Correct
Black market Marché noir
88%
multinational Multinationale
50%
Currency Devise
25%
Raw materials Matières premières
25%
Protectionism Protectionnisme
25%
Trade deficit Déficit extérieur
13%
to swap Echanger
13%
Embargo/ban Embargo
13%
Talks Entretiens / Rencontres
13%
Trade surplus Excédent commercial
13%
to barter Faire du troc
13%
Upsurge Forte poussée
13%
(Sole) Importer Importateur (exclusif)
13%
Output Production
13%
Trade sanctions Sanctions commerciales
13%
Exchange rate Taux de change
13%
Foreign exchange rates Taux de change
13%
Foreign agent Agent à l'étranger
0%
to tap a market Attaquer un marché
0%
to peak Atteindre un niveau maximum
0%
The balance of trade Balance commerciale
0%
Foreign trade Commerce extérieur
0%
Counterfeiting Contrefaçon
0%
to open up a market Créer un marché
0%
Customs déclaration Déclaration en douane
0%
to clear goods Dédouaner
0%
to exceed Dépasser
0%
Import tax exemption détaxe à l'import
0%
Customs duties Droits de douane
0%
to be guilty of unfair practice Etre coupable de pratiques déloyales
0%
Exporter Exportateur
0%
Exports Exportations
0%
to smuggle Faire de la contrebande
0%
Customs procedures Formalités douanières
0%
to curb Freiner
0%
Cleared goods Marchandises dédouanées
0%
Duty-free goods Marchandises exemptées de taxes
0%
imported goods marchandises importées
0%
Bonded goods Marchandises sous douane
0%
Export market Marché à l'exportation
0%
Import market Marché à l'importation
0%
to enforce Mettre en application
0%
to soar Monter en flèche
0%
to break into a market Pénétrer un marché
0%
Export subsidy Prime à l'exportation
0%
Import subsidy Prime à l'importation
0%
to spread Répandre
0%
Import restrictions Restrictions sur les importations
0%
to contend Soutenir/prétendre
0%
Going rate Taux actuel/courant
0%
Aucun quiz correspondant
Distribution des résultats
% des personnes avec chaque résultat
Percentile par nombre de réponses
Votre historique - résultats
Vous n’avez pas pris ce quiz depuis la dernière actualisation